|
|
|
|
| LEADER |
02731nam a22004335i 4500 |
| 001 |
978-3-642-21181-2 |
| 003 |
DE-He213 |
| 005 |
20151204182811.0 |
| 007 |
cr nn 008mamaa |
| 008 |
110621s2011 gw | s |||| 0|eng d |
| 020 |
|
|
|a 9783642211812
|9 978-3-642-21181-2
|
| 024 |
7 |
|
|a 10.1007/978-3-642-21181-2
|2 doi
|
| 040 |
|
|
|d GrThAP
|
| 050 |
|
4 |
|a QD146-197
|
| 072 |
|
7 |
|a PNK
|2 bicssc
|
| 072 |
|
7 |
|a SCI013030
|2 bisacsh
|
| 082 |
0 |
4 |
|a 546
|2 23
|
| 245 |
1 |
0 |
|a Zintl Ions
|h [electronic resource] :
|b Principles and Recent Developments /
|c edited by Thomas F. Fässler.
|
| 264 |
|
1 |
|a Berlin, Heidelberg :
|b Springer Berlin Heidelberg,
|c 2011.
|
| 300 |
|
|
|a XII, 156 p.
|b online resource.
|
| 336 |
|
|
|a text
|b txt
|2 rdacontent
|
| 337 |
|
|
|a computer
|b c
|2 rdamedia
|
| 338 |
|
|
|a online resource
|b cr
|2 rdacarrier
|
| 347 |
|
|
|a text file
|b PDF
|2 rda
|
| 490 |
1 |
|
|a Structure and Bonding,
|x 0081-5993 ;
|v 140
|
| 505 |
0 |
|
|a R. Bruce King: Structure and Bonding in Zintl Ions and Related Main Group Element Clusters -- Stefanie Gärtner, Nikolaus Korber: Polyanions of Group 14 and Group 15 Elements in Alkali and Alkaline Earth Metal Solid State Compounds and Solvate Structures -- Bryan Eichhorn, Sanem Kocak: Dynamic Properties of the Group 14 Zintl Ions and Their Derivatives -- Thomas F. Fässler: Relationships between soluble Zintl anions, ligand-stabilized cage compounds, and intermetalloid clusters of tetrel (Si – Pb) and pentel (P – Bi) elements -- Gerasimos S. Armatas, Mercouri Kanatzidis: Germanium-Based Porous Semiconductors from Molecular Zintl Anions.
|
| 520 |
|
|
|a R. Bruce King: Structure and Bonding in Zintl Ions and Related Main Group Element Clusters Stefanie Gärtner, Nikolaus Korber: Polyanions of Group 14 and Group 15 Elements in Alkali and Alkaline Earth Metal Solid State Compounds and Solvate Structures Bryan Eichhorn, Sanem Kocak: Dynamic Properties of the Group 14 Zintl Ions and Their Derivatives Thomas F. Fässler: Relationships between soluble Zintl anions, ligand-stabilized cage compounds, and intermetalloid clusters of tetrel (Si – Pb) and pentel (P – Bi) elements Gerasimos S. Armatas, Mercouri Kanatzidis: Germanium-Based Porous Semiconductors from Molecular Zintl Anions.
|
| 650 |
|
0 |
|a Chemistry.
|
| 650 |
|
0 |
|a Inorganic chemistry.
|
| 650 |
1 |
4 |
|a Chemistry.
|
| 650 |
2 |
4 |
|a Inorganic Chemistry.
|
| 700 |
1 |
|
|a Fässler, Thomas F.
|e editor.
|
| 710 |
2 |
|
|a SpringerLink (Online service)
|
| 773 |
0 |
|
|t Springer eBooks
|
| 776 |
0 |
8 |
|i Printed edition:
|z 9783642211805
|
| 830 |
|
0 |
|a Structure and Bonding,
|x 0081-5993 ;
|v 140
|
| 856 |
4 |
0 |
|u http://dx.doi.org/10.1007/978-3-642-21181-2
|z Full Text via HEAL-Link
|
| 912 |
|
|
|a ZDB-2-CMS
|
| 950 |
|
|
|a Chemistry and Materials Science (Springer-11644)
|